000 01742nam a2200301 i 4500
003 DO-SdBNP
005 20230914122931.0
007 ta
008 150114s2022 dr 000 0 spa d
040 _aDO-SdBNP
_bspa
_cBNPHU
_erda
082 _222
_bG943
110 1 _aFederación Dominicana de Municipios (FEDOMU)
_984131
245 1 0 _aGuía para la verificación del presupuesto participativo municipal en el SISMAP - Municipal /
_cpresentación Kelvin Cruz ; redacción Genrry González, Manuel Parras ; revisión Rafael Lorenzo
264 _aSanto Domingo :
_bFEDOMU,
_c2022.
300 _a102 páginas
_c28 cm.
336 _2rdacontent
_atexto
_btxt
337 _2rdamedia
_asin mediación
_bn
338 _2rdacarrier
_avolumen
_bnc
505 _tPresentación --
_tPrólogo --
_tGlosario de términos --
_tIntroducción --
_tEl presupuesto participativo municipal en República Dominicana --
_tEl presupuesto participativo en el SISMAP municipal --
_tSubindicadores del presupuesto participativo en el SISMAP Municipal --
_tCalendario para el ejercicio del PPM y remisión y carga de evidencias al SISMAP Municipal --
_tConceptos y requerimientos a considerar para la verificación del indicador 7 --
_tDocumentos que evidencian los procesos de participación ciudadana --
_tAnexos: Modelo de documentos que evidencian el proceso del PPM en el SISMAP Municipal --
590 _aInventariado, 2023/ YL
700 1 _aCruz, Kelvin
_epresentación
_983859
700 1 _aGonzález, Genrry
_eredacción
_984132
700 1 _aParras, Manuel
_eredacción
_984133
700 1 _aLorenzo, Rafael
_erevisión
_984134
710 _aFondo Andaluz de Municipios para la Solidaridad Internacional (FAMSI)
_984135
910 _aYLockward
942 _2ddc
_cLBS1
999 _c54752
_d54752